[Event "Oberbayern Bezirksliga 1718"]
[Site "Germany"]
[Date "2018.03.18"]
[Round "8.4"]
[White "Loew, Peter"]
[Black "Hecht, Christoph"]
[Result "1/2-1/2"]
[WhiteElo "1980"]
[BlackElo "1941"]
[PlyCount "48"]
[EventDate "2017.10.22"]
[EventType "team-tourn"]
[EventRounds "9"]
[EventCountry "GER"]
[SourceTitle "EXT 2019"]
[Source "ChessBase"]
[SourceDate "2018.10.10"]
[SourceVersion "1"]
[SourceVersionDate "2018.10.10"]
[SourceQuality "1"]
[WhiteTeam "Waldkraiburg"]
[BlackTeam "Fuerstenfeldbruck"]
[WhiteTeamCountry "GER"]
[BlackTeamCountry "GER"]

1. e4 e6 2. d3 d5 3. Nd2 c5 4. Ngf3 Nc6 5. g3 Be7 6. Bg2 Nf6 7. 0-0 0-0 8. Re1 Qc7 9. e5 Nd7 10. Qe2 b5 11. Nf1 Bb7 12. Bf4 Nb6 13. c3 a5 14. h4 b4 15. h5 a4 16. c4 dxc4 17. dxc4 Rfd8 18. b3 Rd7 19. N1d2 Rad8 20. Ne4 Nd4 21. Nxd4 Rxd4 22. h6 Bxe4 23. Bxe4 g6 24. Bg2 a3 1/2-1/2

[Event "Oberbayern Bezirksliga 1617"]
[Site "Germany"]
[Date "2017.04.02"]
[Round "8.4"]
[White "Hecht, Christoph"]
[Black "Peter, Christian"]
[Result "0-1"]
[WhiteElo "1971"]
[BlackElo "2001"]
[PlyCount "50"]
[EventDate "2016.10.16"]
[EventType "team-tourn"]
[EventRounds "9"]
[EventCountry "GER"]
[SourceTitle "EXT 2019"]
[Source "ChessBase"]
[SourceDate "2018.10.10"]
[SourceVersion "1"]
[SourceVersionDate "2018.10.10"]
[SourceQuality "1"]
[WhiteTeam "Fuerstenfeldbruck"]
[BlackTeam "Ebersberg Grafing"]
[WhiteTeamCountry "GER"]
[BlackTeamCountry "GER"]

1. d4 d6 2. Nf3 Nf6 3. c4 Nbd7 4. Nc3 e5 5. e4 Be7 6. Be2 0-0 7. 0-0 c6 8. Rb1 a5 9. Ne1 Re8 10. Be3 Bf8 11. f4 exd4 12. Qxd4 Qe7 13. Bf3 Nc5 14. Nd3 Ncxe4 15. Nxe4 Nxe4 16. Rbe1 f5 17. Bc1 c5 18. Qe3 Bd7 19. b3 g6 20. Bb2 Bg7 21. Qc1 Bc6 22. Nf2 Bxb2 23. Qxb2 Qg7 24. Qxg7+ Kxg7 25. Nd1 Nd2 0-1

[Event "Regionalliga SO 0304"]
[Site "Bayern"]
[Date "2004.04.25"]
[Round "9.4"]
[White "Mroz, Thomas"]
[Black "Hecht, Christoph"]
[Result "1-0"]
[WhiteElo "1940"]
[BlackElo "2016"]
[PlyCount "49"]
[EventDate "2003.10.??"]
[EventType "team"]
[EventRounds "9"]
[EventCountry "GER"]
[SourceTitle "EXT 2006"]
[Source "ChessBase"]
[SourceDate "2005.11.24"]
[SourceVersion "1"]
[SourceVersionDate "2005.11.24"]
[SourceQuality "1"]
[WhiteTeam "Freilassing"]
[BlackTeam "Fuerstenfeldbruck"]
[WhiteTeamCountry "GER"]
[BlackTeamCountry "GER"]

1. d4 d5 2. c4 e6 3. Nf3 Nf6 4. g3 Bd6 5. Bg2 Nbd7 6. 0-0 0-0 7. Qc2 Rb8 8. Nc3 a6 9. e4 dxe4 10. Nxe4 Nxe4 11. Qxe4 c5 12. Rd1 Qc7 13. Be3 Nf6 14. Qd3 Qe7 15. dxc5 Bxc5 16. Bxc5 Qxc5 17. Qd6 Qxd6 18. Rxd6 b5 19. c5 Ne4 20. Rb6 Rxb6 21. cxb6 Bb7 22. Rc1 Rc8 23. Rxc8+ Bxc8 24. Ne5 Nd6 25. Nc6 1-0

[Event "Regionalliga SO 0304"]
[Site "Bayern"]
[Date "2004.02.15"]
[Round "6.4"]
[White "Hecht, Christoph"]
[Black "Huber, Edwin"]
[Result "1-0"]
[WhiteElo "2016"]
[BlackElo "2063"]
[PlyCount "93"]
[EventDate "2003.10.??"]
[EventType "team"]
[EventRounds "9"]
[EventCountry "GER"]
[SourceTitle "EXT 2006"]
[Source "ChessBase"]
[SourceDate "2005.11.24"]
[SourceVersion "1"]
[SourceVersionDate "2005.11.24"]
[SourceQuality "1"]
[WhiteTeam "Fuerstenfeldbruck"]
[BlackTeam "Ilmmuenster"]
[WhiteTeamCountry "GER"]
[BlackTeamCountry "GER"]

1. d4 Nf6 2. c4 c5 3. d5 b5 4. cxb5 a6 5. bxa6 g6 6. Nc3 Bxa6 7. e4 Bxf1 8. Kxf1 d6 9. Nf3 Bg7 10. g3 0-0 11. Kg2 Nbd7 12. Re1 Ra6 13. Re2 Qa8 14. Bg5 h6 15. Bf4 Rb8 16. h4 Ng4 17. Qd2 Rab6 18. Qc1 Kh7 19. a4 Rb4 20. a5 Qa6 21. Rc2 c4 22. Ra2 Nc5 23. Ne1 h5 24. f3 Ne5 25. Bxe5 Bxe5 26. Qe3 Nb3 27. f4 Bd4 28. Qe2 Nxa5 29. Nf3 Bg7 30. e5 Qb6 31. Ne4 Rb3 32. Neg5+ Kg8 33. Qd2 c3 34. Rxc3 Rxb2 35. Rxb2 Qxb2 36. Rc8+ Bf8 37. Rxb8 Qxb8 38. Qxa5 dxe5 39. fxe5 Qb2+ 40. Qd2 Qb7 41. e6 f6 42. Nh3 Kh7 43. Qd3 Bh6 44. Nf4 Qb2+ 45. Kh3 Bxf4 46. gxf4 Qf2 47. d6 1-0

[Event "Regionalliga SO 0203"]
[Site "Bayern"]
[Date "2003.03.30"]
[Round "9.3"]
[White "Schaefer, Matthias"]
[Black "Hecht, Christoph"]
[Result "1/2-1/2"]
[WhiteElo "2194"]
[BlackElo "2022"]
[PlyCount "126"]
[EventDate "2002.10.20"]
[EventType "team"]
[EventRounds "9"]
[EventCountry "GER"]
[SourceTitle "EXT 2004"]
[Source "ChessBase"]
[SourceDate "2003.11.25"]
[SourceVersion "1"]
[SourceVersionDate "2003.11.25"]
[SourceQuality "1"]
[WhiteTeam "Starnberg"]
[BlackTeam "Fuerstenfeldbruck"]
[WhiteTeamCountry "GER"]
[BlackTeamCountry "GER"]

1. e4 e6 2. d3 d5 3. Nd2 Nf6 4. Ngf3 c5 5. g3 Nc6 6. Bg2 Qc7 7. 0-0 Bd6 8. Re1 0-0 9. Qe2 Nd7 10. c3 b5 11. Nh4 Nb6 12. f4 Bd7 13. Ndf3 dxe4 14. dxe4 e5 15. f5 f6 16. g4 b4 17. g5 bxc3 18. bxc3 Rfd8 19. Kh1 Bf8 20. Rg1 Kh8 21. Ng6+ Kg8 22. Nfh4 Be8 23. Bf1 Rd6 24. Nxf8 Kxf8 25. g6 h6 26. Bxh6 gxh6 27. g7+ Kg8 28. Qe3 Nd8 29. Qxh6 Nf7 30. Qh5 Bc6 31. Ng6 Kxg7 32. Nf4+ Ng5 33. Ne6+ Rxe6 34. fxe6 Bxe4+ 35. Bg2 Bg6 36. Qg4 Re8 37. h4 Nxe6 38. Be4 Ng5 39. Bxg6 Kxg6 40. Qe4+ Kf7 41. Rxg5 Ke6 42. Qg4+ Kd6 43. Rd1+ Kc6 44. Rg7 Re7 45. Rxe7 Qxe7 46. h5 e4 47. Re1 e3 48. Qf3+ Kb5 49. Qxe3 Qh7 50. h6 Nd7 51. Rg1 Ne5 52. Rg7 Qb1+ 53. Kg2 Qxa2+ 54. Kg3 Qd5 55. c4+ Kxc4 56. Rxa7 Qd6 57. Qf4+ Kb3 58. Rb7+ Kc3 59. h7 Qd3+ 60. Kf2 Qc2+ 61. Kg1 Qd1+ 62. Kh2 Qe2+ 63. Kh3 Qh5+ 1/2-1/2

[Event "Regionalliga SO 0203"]
[Site "Bayern"]
[Date "2003.01.12"]
[Round "4.3"]
[White "Hecht, Christoph"]
[Black "Autengruber, Robert"]
[Result "1/2-1/2"]
[WhiteElo "1994"]
[BlackElo "2169"]
[PlyCount "99"]
[EventDate "2002.10.20"]
[EventType "team"]
[EventRounds "9"]
[EventCountry "GER"]
[SourceTitle "EXT 2004"]
[Source "ChessBase"]
[SourceDate "2003.11.25"]
[SourceVersion "1"]
[SourceVersionDate "2003.11.25"]
[SourceQuality "1"]
[WhiteTeam "Fuerstenfeldbruck"]
[BlackTeam "Freyung"]
[WhiteTeamCountry "GER"]
[BlackTeamCountry "GER"]

1. d4 d5 2. c4 c6 3. Nc3 Nf6 4. Bg5 e6 5. e3 Nbd7 6. cxd5 exd5 7. Bd3 Be7 8. Qc2 0-0 9. Nge2 Re8 10. 0-0 Nf8 11. Rae1 h6 12. Bf4 Bg4 13. f3 Bh5 14. Ng3 Bg6 15. Nf5 Bxf5 16. Bxf5 Bd6 17. Bxd6 Qxd6 18. Qf2 Rad8 19. Ne2 Ne6 20. Nc1 Re7 21. Nd3 Rde8 22. Ne5 c5 23. Bxe6 Rxe6 24. f4 c4 25. g4 Ne4 26. Qg2 f6 27. f5 R6e7 28. Ng6 Rc7 29. Nf4 b5 30. h4 b4 31. Ne6 Rxe6 32. fxe6 Qxe6 33. Rf5 c3 34. bxc3 bxc3 35. Re2 Qc6 36. Rc2 a5 37. g5 hxg5 38. hxg5 fxg5 39. Qf3 Qd6 40. Re5 Re7 41. Qf5 g6 42. Qc8+ Kf7 43. Rh2 Rxe5 44. Rh7+ Kf6 45. dxe5+ Kxe5 46. Rd7 Qe6 47. Qh8+ Kf5 48. Qh3+ Ke5 49. Qh8+ Kf5 50. Qh3+ 1/2-1/2

[Event "Landesliga Sued 0001"]
[Site "Bayern"]
[Date "2001.02.18"]
[Round "6"]
[White "Klenk, Robert"]
[Black "Hecht, Christoph"]
[Result "0-1"]
[WhiteElo "1995"]
[BlackElo "1890"]
[PlyCount "106"]
[EventDate "2000.10.15"]
[EventType "team-tourn"]
[EventRounds "9"]
[EventCountry "GER"]
[SourceTitle "EXT 2020"]
[Source "ChessBase"]
[SourceDate "2019.10.17"]
[SourceVersion "1"]
[SourceVersionDate "2019.10.17"]
[SourceQuality "1"]
[WhiteTeam "Muenchen FC Bayern II"]
[BlackTeam "Fuerstenfeldbruck TuS"]
[WhiteTeamCountry "GER"]
[BlackTeamCountry "GER"]

1. e4 e6 2. d3 d5 3. Nd2 Nf6 4. Ngf3 c5 5. g3 Nc6 6. Bg2 Be7 7. 0-0 0-0 8. Re1 Qc7 9. e5 Nd7 10. Qe2 f6 11. exf6 Nxf6 12. Nb3 Bd6 13. d4 b6 14. Ng5 e5 15. dxe5 Bxe5 16. c4 Ba6 17. Ne6 Qf7 18. Nxf8 Bxc4 19. Qf3 Rxf8 20. Bf4 Bxb2 21. Rab1 Bd4 22. Bd6 Rd8 23. Bf4 Ne4 24. Nxd4 Nxd4 25. Qg4 Rf8 26. Rxe4 dxe4 27. Bxe4 Ne2+ 28. Kg2 Nxf4+ 29. gxf4 Qxf4 30. Qxf4 Rxf4 31. f3 g6 32. a3 Kg7 33. Rd1 Rf7 34. Rd6 Bb5 35. h4 Bd7 36. Kg3 Bf5 37. Ba8 Rd7 38. Rc6 Bd3 39. Kf4 Bb5 40. Re6 Bc4 41. Re8 Bd3 42. Bc6 Rc7 43. Bd5 Kf6 44. Re6+ Kg7 45. Re8 Bf5 46. Ke5 c4 47. h5 c3 48. h6+ Kxh6 49. Kf6 Kh5 50. Re1 Kh4 51. Be4 c2 52. Rc1 Kg3 53. Ke5 Kf2 0-1

[Event "Regionalliga SO 9899"]
[Site "Bayern"]
[Date "1999.??.??"]
[Round "6.8"]
[White "Hecht, Christoph"]
[Black "Firlbeck, Hubert"]
[Result "1-0"]
[WhiteElo "1870"]
[BlackElo "1885"]
[PlyCount "73"]
[EventDate "1998.??.??"]
[EventType "team-tourn"]
[EventRounds "9"]
[EventCountry "GER"]
[SourceTitle "EXT 2020"]
[Source "ChessBase"]
[SourceDate "2019.10.17"]
[SourceVersion "1"]
[SourceVersionDate "2019.10.17"]
[SourceQuality "1"]
[WhiteTeam "Fuerstenfeldbruck TuS"]
[BlackTeam "Deggendorf"]
[WhiteTeamCountry "GER"]
[BlackTeamCountry "GER"]

1. d4 f5 2. c4 Nf6 3. Nc3 e6 4. Bg5 Bb4 5. Bxf6 Bxc3+ 6. bxc3 Qxf6 7. g3 c5 8. Bg2 Nc6 9. e3 0-0 10. Ne2 Rb8 11. 0-0 Qe7 12. Qa4 b6 13. Bxc6 dxc6 14. Rad1 Qb7 15. Qb3 cxd4 16. cxd4 Qf7 17. Nf4 g5 18. Nd3 Bb7 19. Ne5 Qe7 20. f4 g4 21. Rf2 Ba8 22. Qc3 b5 23. c5 Rfd8 24. Re1 Bb7 25. e4 Qf8 26. Rd2 Rbc8 27. Qb3 Qh6 28. exf5 Rd5 29. Nxg4 Qg7 30. Qf3 exf5 31. Ne5 Rcd8 32. Qe3 b4 33. Nf3 Bc8 34. Ne5 Bb7 35. Red1 Qc7 36. Nc4 Qf7 37. Nd6 1-0

[Event "Regionalliga SO 9899"]
[Site "Bayern"]
[Date "1999.??.??"]
[Round "8.8"]
[White "Hecht, Christoph"]
[Black "Gibis, Reinhard"]
[Result "0-1"]
[WhiteElo "1870"]
[BlackElo "1970"]
[PlyCount "92"]
[EventDate "1998.??.??"]
[EventType "team-tourn"]
[EventRounds "9"]
[EventCountry "GER"]
[SourceTitle "EXT 2020"]
[Source "ChessBase"]
[SourceDate "2019.10.17"]
[SourceVersion "1"]
[SourceVersionDate "2019.10.17"]
[SourceQuality "1"]
[WhiteTeam "Fuerstenfeldbruck TuS"]
[BlackTeam "Waldkirchen TSV"]
[WhiteTeamCountry "GER"]
[BlackTeamCountry "GER"]

1. d4 Nf6 2. c4 g6 3. Nc3 Bg7 4. e4 d6 5. f3 0-0 6. Be3 e5 7. Nge2 exd4 8. Nxd4 Nc6 9. Be2 Re8 10. Qd2 Ne5 11. 0-0 a6 12. Rfd1 Rb8 13. Rac1 Bd7 14. b4 c6 15. a4 Qe7 16. Bf2 Rbd8 17. Qc2 Bh6 18. Rb1 Nh5 19. c5 d5 20. exd5 cxd5 21. Nxd5 Qf8 22. g4 Nf4 23. Nf6+ Kh8 24. Nxe8 Rxe8 25. Bf1 Bc6 26. Re1 Bg7 27. Rxe5 Bxe5 28. Nxc6 bxc6 29. Bxa6 Qh6 30. Bg3 Bd4+ 31. Kh1 Nd5 32. Qd3 Qg7 33. Re1 Ne3 34. Bf2 Qf6 35. Bxe3 Qxf3+ 36. Kg1 Bxe3+ 37. Rxe3 Rxe3 38. Qd8+ Kg7 39. Qd4+ Kh6 40. g5+ Kh5 41. Bf1 Re1 42. Qc4 Qe3+ 43. Kg2 Qxg5+ 44. Kf2 Qe3+ 45. Kg2 Qe4+ 46. Kg1 Qxc4 0-1

[Event "Oberbayern-ch"]
[Site "Germany"]
[Date "1996.??.??"]
[Round "?"]
[White "Lehl, Martin"]
[Black "Hecht, Christoph"]
[Result "0-1"]
[WhiteElo "1645"]
[BlackElo "1605"]
[PlyCount "62"]
[EventDate "1996.??.??"]
[EventType "swiss"]
[EventRounds "7"]
[EventCountry "GER"]
[SourceTitle "EXT 2004"]
[Source "ChessBase"]
[SourceDate "2003.11.25"]
[SourceVersion "1"]
[SourceVersionDate "2003.11.25"]
[SourceQuality "1"]

1. d4 d5 2. c4 c6 3. Nc3 Nf6 4. cxd5 cxd5 5. Bg5 e6 6. Nf3 Nc6 7. e3 Qa5 8. Bxf6 gxf6 9. Bb5 a6 10. Bxc6+ bxc6 11. Qa4 Qc7 12. 0-0 Bd7 13. Qc2 Bd6 14. e4 0-0 15. Rfe1 Kh8 16. e5 fxe5 17. Nxe5 f6 18. Nxd7 Qxd7 19. Re3 e5 20. dxe5 fxe5 21. Rh3 e4 22. Rc1 Rg8 23. Kh1 Rg7 24. Ne2 c5 25. Qc3 d4 26. Qc4 Rf8 27. Rf1 e3 28. f3 Qf5 29. Qxa6 Qg6 30. g4 d3 31. Nc3 Rf6 0-1